Slovenské lodenice, a.s. Komárno - analýza spoločnosti Vývoj obchodovania s akciami spoločnosti

Predmet činnosti spoločnosti Slovenské lodenice, a.s. Komárno. Obchodná situácia. Finančná situácia. Vývoj kurzu akcií. Celkový objem obchodov s akciami spoločnosti.

Guardado en:
Detalles Bibliográficos
Formato: Capítulo de libro
Lenguaje:eslovaco
Materias:
Etiquetas: Agregar Etiqueta
Sin Etiquetas, Sea el primero en etiquetar este registro!

MARC

LEADER 00000naa a2200000 4500
001 r025265
005 20230426105713.1
041 0 |a slo 
044 |a SK 
245 1 0 |a Slovenské lodenice, a.s. Komárno - analýza spoločnosti  |b Vývoj obchodovania s akciami spoločnosti 
520 |a Predmet činnosti spoločnosti Slovenské lodenice, a.s. Komárno. Obchodná situácia. Finančná situácia. Vývoj kurzu akcií. Celkový objem obchodov s akciami spoločnosti. 
610 2 0 |a analýza finančná 
610 2 0 |a podnik 
610 2 0 |a Slovenské lodenice, a.s. Komárno 
610 2 0 |a Slovensko 
610 2 0 |a financie podnikové 
610 2 0 |a priemysel strojársky 
610 2 0 |a 1993-1994